| 000 | 00554nam a2200241Ia 4500 | ||
|---|---|---|---|
| 008 | 181129s9999 xx 000 0 und d | ||
| 020 | _a9780439078085 | ||
| 050 | _bS596 1998 | ||
| 100 | _aSimon, Seymour. | ||
| 245 | 0 | _aBones : | |
| 245 | 0 | _bour skeletal system / | |
| 245 | 0 | _cby Seymour Simon. | |
| 260 | _aNew York, NY : | ||
| 260 | _bScholastic, | ||
| 260 | _c1998 | ||
| 300 | _aunpaged : | ||
| 300 | _bcolor illustrations ; | ||
| 300 | _c23cm. | ||
| 500 | _a1000L | ||
| 650 | _aBones. | ||
| 650 | _aSkeleton. | ||
| 700 | _aTitle. | ||
| 999 |
_c359917 _d359917 |
||